| LEADER | 01108nam a2200193 4500 | ||
|---|---|---|---|
| 082 | |a 515.076 |b V500TH | ||
| 100 | |a Vũ Thế Hựu | ||
| 245 | |a Toán cơ bản và nâng cao Giải tích 12/ |c Vũ Thế Hựu.. | ||
| 260 | |a H.: |b ĐHSP, |c 2008 | ||
| 300 | |a 199 tr.; |b 24 cm | ||
| 520 | |a v...v.. | ||
| 653 | |a Toán học | ||
| 942 | |2 ddc |c STK0 | ||
| 999 | |c 6942 |d 6942 | ||
| 952 | |0 0 |1 0 |2 ddc |4 0 |6 515_076000000000000_V500TH |7 0 |8 500 |9 64649 |a qbu |b qbu |c D3 |d 2015-01-26 |o 515.076 V500TH |p 6874.c1 |r 0000-00-00 |w 2015-01-26 |y STK0 | ||
| 952 | |0 0 |1 0 |2 ddc |4 0 |6 515_076000000000000_V500TH |7 0 |8 500 |9 64650 |a qbu |b qbu |c D3 |d 2015-01-26 |o 515.076 V500TH |p 6874.c2 |r 0000-00-00 |w 2015-01-26 |y STK0 | ||
| 952 | |0 0 |1 0 |2 ddc |4 0 |6 515_076000000000000_V500TH |7 0 |8 500 |9 64651 |a qbu |b qbu |c D3 |d 2015-01-26 |o 515.076 V500TH |p 6874.c3 |r 0000-00-00 |w 2015-01-26 |y STK0 | ||
| 952 | |0 0 |1 0 |2 ddc |4 0 |6 515_076000000000000_V500TH |7 0 |8 500 |9 64652 |a qbu |b qbu |c D3 |d 2015-01-26 |o 515.076 V500TH |p 6874.c4 |r 0000-00-00 |w 2015-01-26 |y STK0 | ||
| 952 | |0 0 |1 0 |2 ddc |4 0 |6 515_076000000000000_V500TH |7 0 |8 500 |9 64653 |a qbu |b qbu |c D3 |d 2015-01-26 |o 515.076 V500TH |p 6874.c5 |r 0000-00-00 |w 2015-01-26 |y STK0 | ||